[Event "Zuglo Hotel op 2nd"]
[Site "Budapest"]
[Date "1999.08.22"]
[Round "2"]
[White "Balogh, Csaba"]
[Black "Szabolcsi, Janos"]
[Result "0-1"]
[WhiteElo "2235"]
[BlackElo "2441"]

1.e4 c5 2.Nf3 Nc6 3.Bb5 e6 4.O-O Nge7 5.c3 a6 6.Be2 d5 7.exd5 Qxd5 8.Na3 Ng6
9.Nc4 Qd8 10.d4 cxd4 11.cxd4 Be7 12.Be3 O-O 13.d5 exd5 14.Nb6 d4 15.Bxd4 Nxd4
16.Qxd4 Rb8 17.Rfd1 Be6 18.Qe3 Qe8 19.Nd5 Bxd5 20.Rxd5 Qc6 21.Rad1 Bf6 22.Qd2 Rfe8
23.g3 h6 24.Bf1 Rbd8 25.b3 Kh7 26.Bg2 Rxd5 27.Qxd5 Qc2 28.Rf1 Re7 29.a4 Kg8
30.Bh3 Nf8 31.Bf5 Qc3 32.Kg2 g6 33.Be4 Ne6 34.Bd3 Nc5 35.Bc4 Qb4 36.Qd6 Kg7
37.Qf4 b5 38.axb5 axb5 39.Bd5 Qxf4 40.gxf4 Nd3 41.Kg3 Rc7 42.Be4 Nc1 43.Nd2 Rc3+
44.Kg2 Nd3 45.Kf3 Nc1+ 46.Kg2 Ne2 47.f5 Bg5 48.Nf3 Nf4+ 49.Kg3 Rxb3 50.fxg6 Nxg6
51.Rb1 Bh4+ 52.Kg2 Nf4+ 53.Kf1 Rxb1+ 54.Bxb1 Be7 55.Nd4 b4 56.Nf5+ Kf6 57.Nxh6 Bc5
58.Ba2 Ne6 59.f4 Nd8 60.Ke2 Kg6  0-1

[Event "ESP-ch"]
[Site "Palencia"]
[Date "1999.08.22"]
[Round "4"]
[White "Garcia Ares, Felix"]
[Black "De la Riva Aguado, Oscar"]
[Result "0-1"]
[WhiteElo "2219"]
[BlackElo "2458"]

1.e4 c5 2.Nf3 Nc6 3.Bb5 g6 4.O-O Bg7 5.Re1 Nf6 6.c3 O-O 7.d4 d5 8.exd5 Qxd5
9.c4 Qd6 10.dxc5 Qxc5 11.Be3 Qh5 12.h3 Rd8 13.Nbd2 Bd7 14.Qe2 Nb4 15.Nf1 Bxb5
16.cxb5 Qf5 17.Nd4 Qd3 18.a3 Qxe2 19.Rxe2 Nd3 20.Rd2 Ne5 21.Rc1 Ne4 22.Rdd1 Nd6
23.b3 Rac8 24.Ng3 Nd7 25.a4 Kf8 26.Nge2 Ke8 27.Nf3 a6 28.bxa6 bxa6 29.Ned4 Nb8
30.Kf1 Ne4 31.Ne2 Nd7 32.Nfd4 Ne5 33.f4 Rxc1 34.Rxc1 Nd3 35.Rc4 Rd5 36.b4 Nd6
37.Rc7 Nxb4 38.Ra7 Nc4 39.Kf2 Nxe3 40.Ra8+ Rd8 41.Rxd8+ Kxd8 42.Kxe3 Kd7
43.g4 Kd6 44.Ke4 Nd5 45.f5 Nb6 46.fxg6 hxg6 47.a5 Nc4 48.Nb3 Bf6 49.Nf4 e6
50.Nd3 Bc3 51.Nbc5 f5+ 52.gxf5 gxf5+ 53.Kf3 Ne5+ 54.Nxe5 Kxc5 55.Ng6 Bxa5
56.h4 Bc3 57.Ke3 Bg7 58.Nf4 Bh6 59.h5  0-1

[Event "Pyramiden Franken Cup"]
[Site "Fuerth"]
[Date "1999.08.23"]
[Round "3"]
[White "Conquest, Stuart"]
[Black "Michaelsen, Nils"]
[Result "0-1"]
[WhiteElo "2555"]
[BlackElo "2439"]

1.e4 c5 2.Nf3 Nc6 3.Bb5 g6 4.Bxc6 dxc6 5.d3 Bg7 6.h3 Nf6 7.Nc3 O-O 8.Bf4 Nd7
9.e5 Nb6 10.Ne4 c4 11.d4 Nd5 12.Bh2 Bf5 13.Ng3 Qa5+ 14.Nd2 Be6 15.O-O c5
16.Nf3 c3 17.bxc3 Nxc3 18.Qd2 Rfd8 19.Qg5 Rd7 20.Qh4 h6 21.dxc5 Qxc5 22.Rfe1 Rc8
23.a3 a5 24.Nf1 Qc4 25.Qxc4 Rxc4 26.N1d2 Ra4 27.Re3 Rc7 28.Rd3 Rc8 29.Nb3 b5
30.Nfd4 Bxb3 31.Nxb3 Ne2+ 32.Kf1 Rxc2 33.Re1 Nf4 34.Rd8+ Kh7 35.Rd7 Ne6 36.Rxe7 Rxa3
37.Nc1 b4 38.Ne2 b3 39.Rb7 a4 40.Nf4 Raa2  0-1

[Event "Pyramiden Franken Cup"]
[Site "Fuerth"]
[Date "1999.08.23"]
[Round "3"]
[White "Sasu Ducsoara, Adrian"]
[Black "Sebastian, Dirk"]
[Result "0-1"]
[WhiteElo "2305"]
[BlackElo "2306"]

1.e4 c5 2.Nf3 Nc6 3.Bb5 Na5 4.d4 cxd4 5.O-O e6 6.Nxd4 Qc7 7.Bd3 a6 8.Kh1 Nf6
9.Qe2 d6 10.c4 Be7 11.Nc3 O-O 12.Be3 Bd7 13.Rac1 Rac8 14.b4 Nc6 15.b5 Ne5
16.b6 Qb8 17.f4 Nxd3 18.Qxd3 Rfd8 19.Bg1 Be8 20.f5 d5 21.cxd5 exd5 22.Nxd5 Nxd5
23.Rxc8 Qxc8 24.exd5 Rxd5 25.Qe4 Qd8 26.Re1 Kf8 27.f6 Bxf6 28.Qxh7 g6 29.Be3 Rh5
30.Bh6+ Rxh6 31.Qxh6+ Bg7 32.Ne6+ fxe6 33.Rf1+ Kg8 34.Qf4 Qxb6 35.h4 Qd4
36.Qg3 Qe5 37.Qg4 Kh7 38.Rd1  0-1

[Event "FRA-ch qual"]
[Site "Bescanon"]
[Date "1999.08.24"]
[Round "7"]
[White "Jossien, Arnaud"]
[Black "Touzane, Olivier"]
[Result "0-1"]
[WhiteElo "2314"]
[BlackElo "2348"]

1.e4 c5 2.Nf3 Nc6 3.Bb5 g6 4.c3 Bg7 5.d4 Qb6 6.Ba4 cxd4 7.O-O d3 8.Qxd3 Nf6
9.h3 O-O 10.c4 d6 11.Nc3 Qa5 12.Qe2 Bd7 13.Bc2 a6 14.Be3 b5 15.cxb5 axb5
16.a4 b4 17.Nb1 Ne5 18.Nxe5 Qxe5 19.Nd2 Be6 20.Nf3 Qh5 21.Bd3 Nd7 22.Bb5 Nc5
23.Bxc5 dxc5 24.Rfe1 Rfc8 25.e5 c4 26.Nd4 Qxe2 27.Rxe2 Bd5 28.f4 e6 29.Nc2 Bf8
30.Ne3 c3 31.Nxd5 exd5 32.b3 Bh6 33.g3 g5 34.Bd7 Rc5 35.e6 fxe6 36.Bxe6+ Kg7
37.Rc2 d4 38.Rd1 Rd8 39.Rd3 gxf4 40.g4 f3 41.Bf5 Be3+ 42.Kh2 Rxf5 43.gxf5 Kf6  0-1

[Event "FRA-ch qual"]
[Site "Bescanon"]
[Date "1999.08.24"]
[Round "7"]
[White "Vallet, Marc"]
[Black "Joly, Fabrice"]
[Result "1-0"]
[WhiteElo "2233"]
[BlackElo "2148"]

1.e4 c5 2.Nf3 Nc6 3.Bb5 Qc7 4.O-O a6 5.Bxc6 Qxc6 6.d4 cxd4 7.Nxd4 Qc7 8.Nc3 e6
9.Re1 d6 10.Bf4 e5 11.Nd5 Qd8 12.Be3 exd4 13.Bxd4 Be6 14.Bb6 Qc8 15.Nc7+ Ke7
16.e5 dxe5 17.Bc5+ Kf6 18.Qf3+ Kg6 19.Qg3+ Kf6 20.h4 h6 21.Qxe5+ Kg6 22.h5+ Kh7
23.Bxf8 Qxf8 24.Qe4+ g6 25.Nxe6 Qe7 26.hxg6+ fxg6 27.Rad1 Re8 28.Rd3 Qf7
29.Ng5+ hxg5 30.Qxe8 Nh6 31.Qxf7+ Nxf7 32.Rd7  1-0

[Event "BIH-chT"]
[Site "Bihac"]
[Date "1999.08.26"]
[Round "6"]
[White "Mehmedovic, Mirza"]
[Black "Softic, Edin"]
[Result "1/2-1/2"]
[WhiteElo "2285"]
[BlackElo "2004"]

1.e4 c5 2.Nf3 Nc6 3.Bb5 g6 4.O-O Bg7 5.c3 Qb6 6.Ba4 a6 7.d3 d6 8.Re1 Bd7
9.Nbd2 Qc7 10.Nf1 b5 11.Bc2 Nf6 12.d4 cxd4 13.cxd4 Rc8 14.Ne3 O-O 15.Bd2 Qa7  1/2-1/2

[Event "London MSO Masters"]
[Site "London"]
[Date "1999.08.26"]
[Round "6"]
[White "Roiz, Michael"]
[Black "Murrey, Jacob"]
[Result "1/2-1/2"]
[WhiteElo "2383"]
[BlackElo "2475"]

1.e4 c5 2.Nf3 Nc6 3.Bb5 Nf6 4.Nc3 e5 5.d3 d6 6.h3 Be7 7.a4 O-O 8.O-O h6 9.Be3 Be6
10.Nd2 d5 11.exd5 Nxd5 12.Nxd5 Qxd5 13.Re1 f5 14.f4 exf4 15.Bf2 Rf6 16.Bc4 Qd6
17.Rxe6 Rxe6 18.d4 cxd4 19.Qe2 Ne5 20.Re1 Bf6 21.Bxe6+ Qxe6 22.Bxd4 Qd5 23.Bxe5 Bxe5
24.Qxe5 Qxd2 25.Re2 Qd1+ 26.Kh2 Qf1 27.Qd5+ Kh8 28.Qxb7 Qxe2 29.Qxa8+ Kh7
30.Qc6 Qe5 31.Qb5 Qe4 32.Qf1 g5 33.Qd1 Qe5 34.Qd7+ Kg6 35.Qc6+ Kh5 36.Qb5 Qe4
37.Qb3 Kh4 38.Qc3 Qe3 39.Qxe3 fxe3 40.g3+ Kh5 41.Kg2 g4 42.hxg4+ Kxg4 43.c4 h5
44.c5 f4 45.gxf4 h4 46.c6 h3+ 47.Kh2 e2 48.c7 e1=Q 49.c8=Q+ Kxf4 50.Qf8+ Kg4
51.Qg7+ Kf5 52.Qf7+ Kg5 53.Qg8+ Kf5 54.Qf8+ Kg4 55.Qc8+ Kf4  1/2-1/2

[Event "ESP-ch"]
[Site "Palencia"]
[Date "1999.08.27"]
[Round "9"]
[White "Cid Royo, Jonathan"]
[Black "Merino Garcia, Rafael"]
[Result "0-1"]
[WhiteElo "2251"]
[BlackElo "2330"]

1.e4 c5 2.Nf3 Nc6 3.Bb5 e6 4.O-O Nge7 5.d4 cxd4 6.Nxd4 Ng6 7.Nc3 Qc7 8.Be3 a6
9.Bxc6 bxc6 10.Nde2 c5 11.f4 Bb7 12.f5 Ne5 13.fxe6 fxe6 14.Nf4 O-O-O 15.Qe2 Be7
16.Nd3 Ng6 17.Qg4 Bd6 18.h3 c4 19.Nf2 Qc6 20.Rad1 Bb8 21.Qg5 Qc7 22.Ng4 Bc6
23.Rf7 h5 24.Qxg6 hxg4 25.Qxg4 Rdf8 26.Rxf8+ Rxf8 27.g3 Qxg3+ 28.Qxg3 Bxg3
29.Bd4 g5 30.Rf1 Bf4 31.Kg2 d6 32.Rd1 Kd7 33.Kf3 Ke7 34.Ke2 e5 35.Bf2 Rb8
36.Rh1 Bd7 37.Nd5+ Kf7 38.h4 Bg4+ 39.Ke1 Bf3 40.Rg1 gxh4 41.Nxf4 exf4 42.Bd4 Rg8
43.Rxg8 Kxg8 44.a3 Kf7 45.Kf2 Bxe4 46.Bb6 Ke6 47.b4 h3 48.Kg1 Kf5 49.Bc7 Kg4
50.Kh2 d5 51.Be5 Bf5 52.Bd4 Kf3 53.a4 Ke2 54.b5 axb5 55.axb5 f3 56.b6 Bc8  0-1

[Event "FRA-ch (Women)"]
[Site "Bescanon"]
[Date "1999.08.28"]
[Round "11"]
[White "Costagliola, Marina"]
[Black "Flear, Christine"]
[Result "0-1"]
[WhiteElo "2202"]
[BlackElo "2232"]

1.e4 c5 2.Nf3 Nc6 3.Bb5 e6 4.O-O Nge7 5.Re1 g6 6.c3 Bg7 7.Na3 O-O 8.d4 cxd4
9.cxd4 d5 10.e5 f6 11.exf6 Bxf6 12.Bh6 Bg7 13.Bxg7 Kxg7 14.Rc1 Qb6 15.Qd2 a6
16.Bxc6 Nxc6 17.Nb1 Bd7 18.Nc3 Rxf3 19.gxf3 Qxd4 20.Qxd4+ Nxd4 21.Kg2 Rf8
22.Re3 Bc6 23.Ne2 Nf5 24.Rxe6 Nh4+ 25.Kf1 Nxf3 26.h3 Rf7 27.Ng1 Bb5+ 28.Kg2 Nh4+
29.Kg3 Nf5+ 30.Kh2 Nd4 31.Rd6 Rxf2+ 32.Kg3 Rxb2 33.Rc7+ Kh6 34.Rxd5 Nf5+
35.Kf4 Rf2+ 36.Nf3 Bc6 37.Rxc6 bxc6 38.Ra5 c5 39.Rxa6 Nd4 40.Ra3 Nxf3 41.Kg3 Rh2
42.Rxf3 Rxa2 43.Rc3 Ra5 44.Kf4 Kh5 45.Ke5 c4+ 46.Kf6 Rc5 47.Kg7 Rc7+ 48.Kf6 Kh4
49.Ke6 h5 50.Kf6 Rc6+ 51.Ke5 g5 52.Kf5 Rc8 53.Ke5 Rf8 54.Kd5 Re8 55.Kd4 g4
56.hxg4 hxg4 57.Rxc4 g3 58.Kd3+ Kh3 59.Rc7 Kh2 60.Rh7+ Kg1 61.Rg7 g2 62.Rg6 Rh8  0-1

[Event "Coulsden op"]
[Site "Coulsden"]
[Date "1999.09.03"]
[Round "6"]
[White "Burnett, Ronald"]
[Black "Murrey, Jacob"]
[Result "1/2-1/2"]
[WhiteElo "2423"]
[BlackElo "2475"]

1.e4 c5 2.Nf3 Nc6 3.Bb5 Nf6 4.Nc3 e5 5.O-O d6 6.d3 Be7 7.a3 O-O 8.Ne2 Nh5
9.Bc4 Kh8 10.Ng3 Nxg3 11.fxg3 Be6 12.Bd5 Qd7 13.c3 Bxd5 14.exd5 Nd8 15.b4 Rc8
16.c4 b5 17.bxc5 Rxc5 18.Be3 Rc7 19.Nd2 f5 20.Rb1 bxc4 21.dxc4 Nf7 22.g4 f4
23.Bf2 e4 24.Nxe4 Rxc4 25.Nd2 Ra4 26.Rb3 Ne5 27.h3 Bd8 28.Nf3 Ra5 29.Re1 Bf6
30.Qd2 Rb5 31.Reb1 Rxb3 32.Rxb3 Qf7 33.Rb5 h5 34.Qxf4 Qe8 35.Nxe5 Qxb5 36.Ng6+ Kg8
37.Qf5 Re8 38.gxh5 Qa4 39.Kh2 Qe4 40.Qxe4 Rxe4 41.Bxa7 Be5+ 42.Nxe5 Rxe5
43.Bb8 Rxd5 44.Bc7 Kf7 45.g4 Ke6 46.a4 Rd3 47.a5 d5 48.Kg2 d4 49.g5 Re3 50.Bb6 Re2+
51.Kf3 d3 52.a6 Rh2 53.a7 d2 54.a8=Q d1=Q+ 55.Kg3 Qd6+ 56.Kg4 Qxb6 57.Qe8+ Kd5
58.Qd7+ Qd6 59.Qxd6+ Kxd6 60.h6 gxh6 61.gxh6 Rf2 62.h7 Rf8 63.Kg5 Ke7 64.Kg6 Rh8
65.Kg7 Ke8 66.Kxh8 Kf7 67.h4  1/2-1/2

[Event "SoLett op"]
[Site "Skelleftea"]
[Date "1999.09.03"]
[Round "6"]
[White "Lucena, Lincoln"]
[Black "Karlsson, Lars"]
[Result "1/2-1/2"]
[WhiteElo "2249"]
[BlackElo "2470"]

1.e4 c5 2.Nf3 Nc6 3.Bb5 g6 4.O-O Bg7 5.c3 e5 6.Re1 Nge7 7.Na3 O-O 8.Nc2 a6
9.Bf1 d6 10.d4 Qc7 11.dxc5 dxc5 12.Ne3 Rd8 13.Qe2 h6 14.g3 Be6 15.h4 b5 16.h5 Kh7
17.Bg2 c4 18.Nh4 Rd3 19.Nd5 Qd6 20.hxg6+ fxg6 21.Rd1 Rxd1+ 22.Qxd1 Rd8 23.Qc2 g5
24.Nf3 Kh8 25.Ne3 Ng6 26.Nf1 Qd3 27.Qxd3 Rxd3 28.Be3  1/2-1/2

[Event "SoLett op"]
[Site "Skelleftea"]
[Date "1999.09.03"]
[Round "7"]
[White "Agrest, Svetlana"]
[Black "Ziegler, Ari"]
[Result "0-1"]
[WhiteElo "2204"]
[BlackElo "2404"]

1.e4 c5 2.Nf3 Nc6 3.Bb5 g6 4.O-O Bg7 5.Re1 Nf6 6.e5 Nd5 7.Nc3 Nc7 8.Bxc6 dxc6
9.Ne4 Ne6 10.d3 O-O 11.Be3 b6 12.Qd2 Nd4 13.Nxd4 cxd4 14.Bh6 Qd5 15.Ng3 Be6
16.Re4 Bxe5 17.Bxf8 Rxf8 18.Rae1 Bf6 19.a3 a5 20.R4e2 Bg5 21.f4 Bh6 22.Re5 Qa2
23.Qc1 Rd8 24.b3 a4 25.bxa4 Ra8 26.a5 b5 27.Ne4 Bg7 28.Rc5 Bd5 29.Qa1 Qxa1
30.Rxa1 Rxa5 31.Kf1 e6 32.c4 dxc3 33.Nxc3 Bd4 34.Nxd5 Bxc5 35.Nf6+ Kg7 36.Ne4 Bxa3
37.Ke2 b4 38.Nd2 Rh5 39.h3 Bb2 40.Ra6 c5 41.Rc6 Bc1 42.Nb3 Bxf4 43.Nxc5 Re5+
44.Kf3 Bg5 45.Ne4 Be7 46.Rc7 Bf8 47.Rb7 h6 48.h4 Rd5 49.Ke3 g5 50.hxg5 hxg5
51.d4 Ra5 52.Kd3 Ra3+ 53.Kc4 g4 54.Nc5 Rc3+ 55.Kxb4 Rg3 56.Kc4 Bxc5 57.dxc5 Rxg2
58.Rb3 Rc2+ 59.Kb5 f5 60.c6 Kf6 61.Kb6 f4 62.c7 f3 63.Rb4 Rxc7 64.Kxc7 Kf5
65.Kd6 g3 66.Rb8 g2 67.Rf8+ Ke4  0-1

[Event "SoLett op"]
[Site "Skelleftea"]
[Date "1999.09.03"]
[Round "7"]
[White "Brynell, Stellan"]
[Black "Lucena, Lincoln"]
[Result "1-0"]
[WhiteElo "2488"]
[BlackElo "2249"]

1.e4 c5 2.Nf3 Nc6 3.Bb5 g6 4.O-O Bg7 5.Re1 Nf6 6.e5 Nd5 7.Nc3 Nc7 8.Bxc6 dxc6
9.Ne4 Ne6 10.d3 O-O 11.Be3 b6 12.Qd2 Nd4 13.Nxd4 cxd4 14.Bh6 c5 15.Qf4 Bb7
16.Qh4 f6 17.exf6 exf6 18.Re2 Qd7 19.Rae1 Bxe4 20.Bxg7 Kxg7 21.Qxe4 Rad8
22.b3 Qd5 23.Qxd5 Rxd5 24.Re6 Rd7 25.f4 f5 26.Kf2 Rf6 27.R6e5 Rff7 28.h3 Kf6
29.Re6+ Kg7 30.Kf3 Rf6 31.R6e5 Rdf7 32.Rd5 Rf8 33.Ree5 R8f7 34.Ke2 Rc6 35.Rd8 Rcc7
36.Rde8 Rc6 37.Kf3 Rcf6 38.Rd8 Rf8 39.Rdd5 R8f7 40.g3 Kf8 41.Rd8+ Kg7 42.a4 Rc7
43.Ree8 Rff7 44.g4 Rfe7 45.Rg8+ Kf7 46.Rgf8+ Ke6 47.Kg3 Rf7 48.Rde8+ Rfe7
49.Rb8 Rf7 50.Rh8 Rce7 51.a5 bxa5 52.Rb5 Kd5 53.Rxa5 fxg4 54.hxg4 g5 55.Rd8+ Kc6
56.Rc8+ Kb6 57.Rcxc5 Re3+ 58.Kg2 gxf4 59.Rab5+ Ka6 60.Rb8 f3+ 61.Kf1 Rb7
62.Rxb7 Kxb7 63.Kf2 Kb6 64.Rc4 a5 65.Kg3 Re7 66.Kxf3 Rf7+ 67.Ke4 Rg7 68.Kf5 Rf7+
69.Ke5 Rg7 70.Rxd4 h5 71.gxh5 Rg5+ 72.Ke4 Rxh5 73.Rc4 Kb5 74.Kd4 Rh3 75.Kc3 Rg3
76.Kb2 Rg2 77.Ka3 Rg1 78.d4 Ra1+ 79.Kb2 Rd1 80.Rc5+ Kb6 81.Kc3 Ra1 82.Kc4 a4
83.bxa4 Rxa4+ 84.Kd5 Ra1 85.c4 Rh1 86.Rc6+ Kb7 87.Kc5 Rh5+ 88.d5 Rg5 89.Rh6 Rg7
90.Kb5 Rd7 91.d6 Rg7 92.c5 Rf7 93.c6+ Ka7 94.d7  1-0

[Event "SoLett op"]
[Site "Skelleftea"]
[Date "1999.09.03"]
[Round "7"]
[White "Engstrom, Kaj"]
[Black "Fors, Tomas"]
[Result "1-0"]
[WhiteElo "2255"]
[BlackElo "2086"]

1.e4 c5 2.Nf3 Nc6 3.Bb5 e6 4.O-O Nge7 5.Re1 a6 6.Bf1 d5 7.e5 Nf5 8.a4 Be7
9.Nc3 Qc7 10.Ne2 Nxe5 11.Nxe5 Qxe5 12.Ng3 Qd6 13.Nxf5 exf5 14.d4 Be6 15.b3 Qc7
16.dxc5 Bxc5 17.Qxd5 O-O 18.Qd1 Rfd8 19.Bd3 Bd4 20.Rb1 Bc3 21.Bd2 f4 22.Bxc3 Qxc3
23.Qf3 Qc7 24.Re4 Bf5 25.Rc4 Qd7 26.Bxf5 Qxf5 27.Qxb7 a5 28.h3 Rac8 29.Rxc8 Rxc8
30.Rc1 g5 31.c4 g4 32.Qb5 Rc5 33.hxg4 Qg5 34.Qe8+ Kg7 35.Qd7 f3 36.Rd1 fxg2
37.Kxg2 h5 38.f3 hxg4 39.Qxg4 Kf6 40.Qxg5+ Kxg5 41.Kg3 Kf6 42.f4 Ke6 43.Kf3 Rh5
44.Kg4 Rc5 45.Re1+ Kd6 46.f5 Rc8 47.Kg5  1-0

[Event "Glifada op 1st"]
[Site "Athens"]
[Date "1999.09.04"]
[Round "5"]
[White "Panagopoulos, Nikolaos"]
[Black "Dochev, Dimitar"]
[Result "1/2-1/2"]
[WhiteElo "2332"]
[BlackElo "2365"]

1.e4 c5 2.Nf3 Nc6 3.Bb5 d6 4.O-O Bd7 5.Re1 a6 6.Bf1 g6 7.c3 Bg7 8.h3 e5 9.a4 Nge7
10.Na3 O-O 11.Nc4 Be6 12.Ng5 Bc8 13.a5 h6 14.Nf3 Be6 15.Nb6 Rb8 16.Qa4 f5
17.Bc4 Bxc4 18.Qxc4+ Kh7 19.d3 Nxa5 20.Rxa5 Qxb6 21.Ra3 Qc6 22.Qa2 Rbe8 23.c4 Qd7
24.Bd2 Nc6 25.Nh2 Nd4 26.b4 Rf7 27.Nf1 Qc6 28.bxc5 dxc5 29.f3 f4 30.Bc3 Qd6
31.Bxd4 Qxd4+ 32.Qf2 Qd6 33.Kh1 Rb8  1/2-1/2

[Event "EU-ch U16"]
[Site "Litohoto"]
[Date "1999.09.04"]
[Round "2"]
[White "Lupulescu, Constantin"]
[Black "Vioreanu, Bogdan"]
[Result "1-0"]
[WhiteElo "2361"]
[BlackElo "2210"]

1.e4 c5 2.Nf3 Nc6 3.Bb5 d6 4.d4 cxd4 5.Qxd4 Bd7 6.Bxc6 Bxc6 7.c4 Nf6 8.Nc3 e6
9.O-O Be7 10.b3 O-O 11.Bb2 a6 12.a4 Qb8 13.Qd3 Rd8 14.Rfe1 Bf8 15.Nd4 Nd7
16.Qg3 Qc7 17.Rad1 Nc5 18.Ra1 e5 19.Nxc6 bxc6 20.b4 Nb3 21.Rad1 Nd4 22.Qd3 Rdb8
23.Ba3 d5 24.c5 a5 25.b5 cxb5 26.Nxb5 Qc6 27.exd5 Qxd5 28.Nc7 Qa2 29.Rd2 Qb3
30.Nxa8 Qxd3 31.Rxd3 Rxa8 32.Rxe5 Nc2 33.Rc3 Rd8 34.g3 Rd1+ 35.Kg2 Nxa3 36.Rxa3 Rc1
37.Rb3 f6 38.Rd5 Rxc5 39.Rxc5  1-0

[Event "POR-ch"]
[Site "Lisbon"]
[Date "1999.09.05"]
[Round "10"]
[White "Damaso, Rui"]
[Black "Pinheiro, Jose"]
[Result "1-0"]
[WhiteElo "2399"]
[BlackElo "2269"]

1.e4 c5 2.Nf3 Nc6 3.Bb5 g6 4.O-O Bg7 5.c3 Nf6 6.e5 Nd5 7.d4 cxd4 8.cxd4 O-O
9.Nc3 Nxc3 10.bxc3 d6 11.exd6 exd6 12.Bf4 Bg4 13.h3 Bxf3 14.Qxf3 Rc8 15.Rab1 Na5
16.Rfe1 d5 17.Be5 a6 18.Bf1 Qd7 19.h4 h5 20.Bxg7 Kxg7 21.Re5 Rfd8 22.Rg5 Nc4
23.Rd1 Kh6 24.Qf6 Kh7 25.Bd3 Kg8 26.Bxg6  1-0

[Event "ISL-ch"]
[Site "Reykjavik"]
[Date "1999.09.06"]
[Round "6"]
[White "Bjornsson, Sigurbjorn"]
[Black "Stefansson, Hannes"]
[Result "0-1"]
[WhiteElo "2254"]
[BlackElo "2584"]

1.e4 c5 2.Nf3 Nc6 3.Bb5 e6 4.O-O Nge7 5.c3 a6 6.Ba4 b5 7.Bc2 Bb7 8.Re1 Rc8
9.d4 cxd4 10.Nxd4 Ng6 11.Nd2 Qc7 12.Nf1 Be7 13.Ne3 O-O 14.a4 b4 15.Nxc6 Qxc6
16.Bd2 Bc5 17.Rc1 bxc3 18.Bxc3 f5 19.a5 Rf7 20.b4 Ba7 21.Bb2 f4 22.Nd5 Qb5
23.Ba4 Rxc1 24.Bxc1 Qc4 25.Bb3 Qc8 26.Nb6 Bxb6 27.axb6 Qc3 28.Bd2 Qd4 29.Qc2 Qxb6
30.Qc5 Qxc5 31.bxc5 f3 32.g3 Ne5 33.Bc2 Nc4 34.Bc3 Bc6 35.Bd3 Bb5 36.Rd1 g5
37.h3 h5 38.g4 hxg4 39.hxg4 Rf4 40.Bxc4 Bxc4 41.Rxd7 Rxg4+ 42.Kh1 Bb5 43.Rd4 Kf7
44.e5 Rxd4 45.Bxd4 Kg6 46.Kh2 Kf5 47.Kg3 Bc6 48.Bc3 Bd5 49.Ba5 Kxe5 50.Kg4 Kd4
51.Kxg5 e5 52.c6 Bxc6 53.Bb6+ Kd3 54.Kf5 e4 55.Kf4 a5  0-1

[Event "EU-ch U16 Girls"]
[Site "Litohoto"]
[Date "1999.09.07"]
[Round "5"]
[White "Korbut, Ekaterina"]
[Black "Grau Carreras, Monica"]
[Result "1-0"]
[WhiteElo "2254"]
[BlackElo "2069"]

1.e4 c5 2.Nf3 Nc6 3.Bb5 g6 4.O-O Bg7 5.c3 d6 6.d4 cxd4 7.cxd4 Bd7 8.Nc3 Nf6
9.h3 O-O 10.Be3 Rc8 11.Qe2 Ne8 12.Rac1 Nc7 13.Ba4 f5 14.Bb3+ Kh8 15.exf5 Bxf5
16.Ng5 Qe8 17.Rfd1 Nd8 18.a3 h6 19.Nge4 Nf7 20.Ng3 Bd7 21.Bc2 Nd8 22.Qd2 Kh7
23.Nh5 Qf7 24.Nxg7 Qxg7 25.d5 Bf5 26.Bxf5 Rxf5 27.Bd4 Qf7 28.Nb5 Nxb5 29.Rxc8 Rxd5
30.Rxd8 Nxd4 31.Kh1 Nc6 32.Qxd5 Qxd5 33.Rxd5 Nxd8 34.g4 Kg7 35.Kg2 Kf6 36.Kf3 Nf7
37.Rb5 b6 38.Ke3 e5 39.a4 h5 40.a5 Nh6 41.f3 hxg4 42.hxg4  1-0

[Event "EU-ch U16"]
[Site "Litohoto"]
[Date "1999.09.08"]
[Round "6"]
[White "Stojanovic, Dalibor"]
[Black "Mach, Petr"]
[Result "1/2-1/2"]
[WhiteElo "2241"]
[BlackElo "2190"]

1.e4 c5 2.Nf3 Nc6 3.Bb5 d6 4.O-O Bd7 5.Re1 e6 6.c3 a6 7.Bf1 Nf6 8.d4 Be7
9.e5 dxe5 10.dxe5 Nd5 11.c4 Nb6 12.Nc3 O-O 13.Ne4 Qc7 14.Bg5 f6 15.exf6 gxf6
16.Be3 Nd8 17.b4 Ba4 18.Qd2 cxb4 19.Bf4 e5 20.Bh6 Ne6 21.Bxf8 Rxf8 22.Rac1 Bc5
23.g3 Bc6 24.Bh3 Nd4 25.Nxd4 Bxd4 26.Qxb4 f5 27.Qd6 Bxf2+ 28.Kf1 Qxd6 29.Nxd6 Bxe1
30.Rxe1 Rf6 31.c5 Nd7 32.Nxf5 e4 33.Ke2 Bb5+ 34.Ke3 Nxc5 35.Rc1 b6 36.Nd4 Bd3
37.Bg2 Rh6 38.h3 Rg6 39.g4 Kf7 40.Nb3 Nxb3 41.Rc7+ Kg8 42.axb3 Re6 43.g5 h6
44.h4 hxg5 45.hxg5  1/2-1/2

[Event "EU-ch U18"]
[Site "Litohoto"]
[Date "1999.09.09"]
[Round "7"]
[White "Horvath, Adam"]
[Black "Merino Garcia, Rafael"]
[Result "1/2-1/2"]
[WhiteElo "2412"]
[BlackElo "2330"]

1.e4 c5 2.Nf3 Nc6 3.Bb5 e6 4.O-O Nge7 5.Nc3 Ng6 6.d4 cxd4 7.Nxd4 Qc7 8.Be3 Be7
9.f4 a6 10.Be2 b5 11.Bh5 O-O 12.Kh1 Bb7 13.a3 f5 14.Bxg6 hxg6 15.Nb3 d6 16.Qd2 Bf6
17.exf5 gxf5 18.Rae1 Rad8 19.Bg1 Qf7 20.Bb6 Rd7 21.Rd1 Bd8 22.Bg1 Na5 23.Nxa5 Bxa5
24.b4 Bd8 25.a4 Bf6 26.Bd4 bxa4 27.Nxa4 Qh5 28.Qe3 e5 29.Bxe5 Re8 30.Qb3+ Kh8
31.Rd3 dxe5 32.Rxd7 Ba8 33.Rd3 exf4 34.Rh3 Bh4 35.Qd3 Be4 36.Qd7 Rf8 37.Qe7 Bxe7
38.Rxh5+ Kg8 39.Rxf4 Rd8 40.Rf1 Rd2 41.Rg1 Bxb4 42.Rg5 Rxc2 43.h3 Ra2 44.Nb6 Ra3
45.Rh5 Bc5 46.Nc4 Ra2 47.Rg5 Rc2 48.Ne5 Rc3 49.Nf3 Bxg1 50.Kxg1 Kf7 51.Nh4 a5
52.g4 fxg4 53.hxg4 a4 54.Ra5 a3 55.Nf5 Bf3 56.Nd6+ Kg6 57.Nb5 Rc2 58.Rxa3 Bxg4
59.Nd4 Rd2 60.Nc6  1/2-1/2

[Event "EU-ch U16 Girls"]
[Site "Litohoto"]
[Date "1999.09.09"]
[Round "7"]
[White "Gvetadze, Sofio"]
[Black "Grau Carreras, Monica"]
[Result "1/2-1/2"]
[WhiteElo "2193"]
[BlackElo "2069"]

1.e4 c5 2.Nf3 Nc6 3.Bb5 g6 4.O-O Bg7 5.c3 Nf6 6.e5 Nd5 7.d4 Nc7 8.a4 O-O
9.Bf4 a6 10.Be2 cxd4 11.cxd4 d6 12.exd6 exd6 13.Nc3 Ne6 14.Be3 d5 15.Qd2 Re8
16.Rfe1 b6 17.Rad1 Bb7 18.Bf1 Ne7 19.Bd3 Nc6 20.Bb1 Rc8 21.Ne2 Na5 22.Ba2 Bh8
23.b3 Nc6 24.b4 Ne7 25.Ng3 Qc7 26.Rc1 Qd7 27.Bb3 Rxc1 28.Rxc1 Rc8 29.Rxc8+ Qxc8
30.Ne1 Qd7 31.Ne2 Nf5 32.Nc2 Bc6 33.Nc3 Bf6 34.g3 Bg7 35.Qd3 Nxe3 36.Qxe3 Nc7
37.Qd3 Qd6 38.Ne2 Qd7 39.Nc3 Qd6 40.Qf3 Qd7 41.Qe2 Qd6 42.Qf3  1/2-1/2

[Event "POR-ch"]
[Site "Lisbon"]
[Date "1999.09.13"]
[Round "6"]
[White "Cordovil, Joao"]
[Black "Pinheiro, Jose"]
[Result "1-0"]
[WhiteElo "2199"]
[BlackElo "2269"]

1.e4 c5 2.Nf3 Nc6 3.Bb5 g6 4.O-O Bg7 5.c3 Nf6 6.Re1 O-O 7.h3 a6 8.Bxc6 dxc6
9.d3 Re8 10.Be3 c4 11.e5 Nd5 12.dxc4 Nxe3 13.Qxd8 Rxd8 14.fxe3 c5 15.Na3 Bd7
16.Rad1 Ba4 17.Rxd8+ Rxd8 18.Kf2 Bc6 19.e4 e6 20.g4 Rd3 21.Ke2 Rd8 22.Ke3 Bh6+
23.g5 Bf8 24.Rb1 h6 25.h4 hxg5 26.hxg5 Be7 27.Nc2 Kg7 28.Kf4 Rh8 29.Ne3 a5
30.Ng4 Rd8 31.Nf6 Rh8 32.b3 Bd8 33.a3 Bc7 34.b4 b6 35.Rb2 Kf8 36.Rd2 Ke7
37.b5 Be8 38.Nh2 Rh3 39.Nhg4 Rh4 40.Rd1 Kf8 41.Kg3 Rh8 42.Nd7+ Kg7 43.Kg2 Rh4
44.Kg3 Rh8 45.Kf4 Rh4 46.Kg3 Rh8 47.a4 Rh1 48.Rxh1 Bxd7 49.Kf4 Kf8 50.Rh8+ Ke7
51.Nf6 Bd8 52.Rg8 Bc7 53.Ra8 Bc8  1-0

[Event "Artek olJ"]
[Site "Artek"]
[Date "1999.09.14"]
[Round "4"]
[White "Botezatu, Gheorghe"]
[Black "Raev, Rastislav"]
[Result "0-1"]
[WhiteElo "2149"]
[BlackElo "2079"]

1.Nf3 c5 2.e4 Nc6 3.Bb5 g6 4.Bxc6 dxc6 5.d3 Bg7 6.O-O Nf6 7.Qe2 O-O 8.a4 b6
9.h3 Qc7 10.Nbd2 Ba6 11.e5 Nd5 12.Nc4 Rad8 13.e6 f6 14.Nh4 Bc8 15.f4 f5 16.g4 fxg4
17.Qxg4 Rf6 18.f5 gxf5 19.Qg2 f4 20.Bd2 Kh8 21.Rae1 Rg8 22.Qf3 Rxe6 23.Rxe6 Bxe6
24.Kh2 Bf6 25.Bxf4 Nxf4 26.Qxf4 Qxf4+ 27.Rxf4 b5 28.axb5 cxb5 29.Re4 Bd5  0-1

[Event "CRO-chT"]
[Site "Pula"]
[Date "1999.09.15"]
[Round "6"]
[White "Levacic, Patrick"]
[Black "Shariyazdanov, Andrey"]
[Result "1/2-1/2"]
[WhiteElo "2389"]
[BlackElo "2588"]

1.e4 c5 2.Nf3 Nc6 3.Bb5 e6 4.O-O Nge7 5.Nc3 a6 6.Bxc6 Nxc6 7.d4 cxd4 8.Nxd4 d6
9.Nxc6 bxc6 10.Re1 Be7 11.Qg4 Kf8 12.b3 h5 13.Qf3 Bb7 14.Na4 c5 15.c4 Bc6
16.Nc3 Bf6 17.Qd3 g5 18.Bb2 Bd4 19.Re2 Rb8 20.Nd1 Qf6 21.Rb1 Qe5 22.Bxd4 Qxd4
23.Nb2 Qxd3 24.Nxd3 e5 25.f3 a5 26.a3 Bd7 27.b4 Be6 28.Rc2 cxb4 29.axb4 axb4
30.Rxb4  1/2-1/2

[Event "Artek olJ"]
[Site "Artek"]
[Date "1999.09.16"]
[Round "6"]
[White "Gao Lu"]
[Black "Galstian, Benik"]
[Result "1-0"]
[WhiteElo "2221"]
[BlackElo "2180"]

1.e4 c5 2.Nf3 Nc6 3.Bb5 g6 4.O-O Bg7 5.Re1 e5 6.c3 Nge7 7.d3 O-O 8.h3 d6
9.Be3 Bd7 10.a4 b6 11.d4 exd4 12.cxd4 a6 13.Bf1 cxd4 14.Nxd4 d5 15.Nc3 dxe4
16.Nxe4 Nf5 17.Nxf5 Bxf5 18.Qxd8 Rfxd8 19.Bxb6 Rdb8 20.a5 Bxb2 21.Rad1 Ba3
22.Nf6+ Kg7 23.Nd5 Bd6 24.Nc7 Bxc7 25.Bxc7 Rb4 26.Rd6 Nd4 27.Rxd4  1-0

[Event "Wch U20"]
[Site "Yerevan"]
[Date "1999.09.18"]
[Round "1"]
[White "Zhang Pengxiang"]
[Black "Dovramadjiev, Tihomir"]
[Result "1/2-1/2"]
[WhiteElo "2462"]
[BlackElo "2254"]

1.e4 c5 2.Nf3 Nc6 3.Bb5 d6 4.O-O Bd7 5.c3 Nf6 6.Re1 a6 7.Bf1 Bg4 8.h3 Bxf3
9.Qxf3 g6 10.Qd1 Bg7 11.d3 b5 12.a3 Nd7 13.Nd2 O-O 14.Nf3 Rb8 15.Be3 a5 16.d4 Qc7
17.Qd2 a4 18.Bh6 Na5 19.Qg5 Rfe8 20.e5 dxe5 21.dxe5 Nf8 22.Rad1 Nb3 23.Re4 Ne6
24.Qe3 Bh8 25.Ng5 Qc6 26.Nxe6 Qxe6 27.f4 c4 28.Be2 Red8 29.Rxd8+ Rxd8 30.f5 Qc6
31.e6 Qc5 32.exf7+ Kxf7 33.fxg6+ hxg6 34.Bf3 Bf6 35.Rg4 Rg8 36.h4 Rh8 37.Bg5 Rc8
38.Kh2 Qxe3 39.Bxe3 Nc5 40.Bxc5 Rxc5 41.Kg1 Rc8 42.Kf2 Rh8 43.g3 e6 44.Bc6 Rb8
45.Ke2 Be5 46.Be4 Rg8 47.Rg5 Kf6 48.Kf3 Rg7 49.Bc6 Rc7 50.Be8 Rg7 51.Ke4 Bd6
52.Bxb5 Rb7 53.Be8 Rxb2 54.Rxg6+ Ke7 55.Bxa4 Bxa3 56.Rg7+ Kf6 57.Rd7 Bc5
58.Bd1 Bf2 59.Bh5 e5 60.Rf7+ Ke6 61.Rg7 Rc2 62.Rg6+ Ke7 63.Rg7+ Kf6 64.Rg6+ Ke7
65.Rg7+ Kf6 66.Rg6+ Ke7 67.Rg7+ Ke6 68.Rc7 Rxc3 69.Bf7+ Kd6 70.Rxc4 Rxc4+
71.Bxc4  1/2-1/2